000
00356nam a22001217a 4500
040
_c
HS
082
_a
632
100
_a
នុត ចន្ថា
245
_a
ការគ្រប់គ្រងថ្នាំកសិកម្ម និងជីកសិកម្ម
260
_a
Cambodia
_b
នុត ចន្ថា
_c
NA
300
_a
49p;
942
_c
KB
999
_c
9451
_d
9451